[Event "GER-chT U14"]
[Site "Magdeburg"]
[Date "2012.12.28"]
[Round "3.3"]
[White "Andes, Otto"]
[Black "Hurm, Marius"]
[Result "0-1"]
[WhiteElo "1364"]
[BlackElo "1400"]
[PlyCount "66"]
[EventDate "2012.12.27"]
[EventType "team-swiss"]
[EventRounds "7"]
[EventCountry "GER"]
[SourceTitle "EXT 2014"]
[Source "ChessBase"]
[SourceDate "2013.11.20"]
[SourceVersion "1"]
[SourceVersionDate "2013.11.20"]
[SourceQuality "1"]
[WhiteTeam "Guetersloh"]
[BlackTeam "Hohentuebingen"]
[WhiteTeamCountry "GER"]
[BlackTeamCountry "GER"]

1. e4 e5 2. Nf3 Nc6 3. Bc4 Bc5 4. d3 Nf6 5. 0-0 d6 6. h3 Be6 7. Bb5 Qd7 8. Ng5 h6 9. Nxe6 Qxe6 10. c3 0-0 11. Bxc6 bxc6 12. Re1 Rfe8 13. Be3 Bxe3 14. Rxe3 d5 15. Nd2 Rab8 16. Re1 Rxb2 17. Nb3 dxe4 18. Qc1 Rxb3 19. axb3 exd3 20. Qd1 Qd5 21. Re3 e4 22. Rxa7 Qc5 23. Ra4 Kh7 24. Rc4 Qa5 25. Rxc6 Nd5 26. Rg3 Nxc3 27. Qe1 Ne2+ 28. Kf1 Nxg3+ 29. fxg3 Qxe1+ 30. Kxe1 e3 31. Rxc7 Ra8 32. Kd1 Ra1+ 33. Rc1 Rxc1+ 0-1